000 00732nam a2200193 a 4500
008 120416s2003 ||||||||||||||||| || u
020 _a9291180696
050 _aHM 131 Eva
100 _aHorton, Douglas
245 1 0 _aEvaluating capacity development : experiences from research and development organizations around the world /
260 _aOttawa:
_bIDRC
_c2003
300 _axviii, 170p. : ill.
350 _a0.00
650 _aOrganizational effectiveness - Evaluation
650 _aORGANIZATIONS
650 0 _aSTRATEGIC PLANNING
650 0 _aORGANIZATIONAL CHANGE
995 _D0.00
_FCBU-MAIN LIBRARY (Kitwe)
_H1
_I35.00
_M1
_UAVAILABLE
_ZAnnex Low-Usage Collection
999 _c42609
_d42609